Dick Francis books Quiz Stats

Quiz not verified by Sporcle

Challenge
Share
Tweet
Embed
Score 0/44 Timer 10:00
0 Plays Today
Year Book % Correct
2000Shattered
71.9%
1976In The Frame
68.1%
1982Banker
68.1%
1964Nerve
62.2%
1986Bolt
62.2%
1987Hot Money
61.5%
1983The Danger
60.7%
199710 lb Penalty
60%
1981Twice Shy
59.3%
1996To The Hilt
58.5%
1965For Kicks
57.8%
2008Silks
56.3%
1999Second Wind
54.8%
1973Slayride
54.1%
1998Field of Thirteen
54.1%
1965Odds Against
53.3%
1979Whip Hand
52.6%
1957The Sport of Queens
51.9%
1966Flying Finish
51.9%
1984Proof
51.9%
1988The Edge
51.1%
1970Rat Race
49.6%
Year Book % Correct
1977Risk
47.4%
1989Straight
47.4%
1962Dead Cert
46.7%
1980Reflex
43.7%
1994Wild Horses
40%
1990Longshot
39.3%
1974Knockdown
38.5%
1992Driving Force
37%
1993Decider
37%
1971Bonecrack
35.6%
1972Smokescreen
34.8%
1995Come to Grief
34.8%
1985Break In
34.1%
1967Blood Sport
33.3%
1991Comeback
33.3%
1969Enquiry
31.9%
1975High Stakes
28.9%
1968Forfeit
26.7%
2009Even Money
24.4%
1978Trial Run
23%
2006Under Orders
20.7%
2007Deat Heat
4.4%

You're not logged in!

Compare scores with friends on all Sporcle quizzes.
Sign Up with Email
OR
Log In

You Might Also Like...

Show Comments

Extras

Top Quizzes Today


Score Distribution

Your Account Isn't Verified!

In order to create a playlist on Sporcle, you need to verify the email address you used during registration. Go to your Sporcle Settings to finish the process.